ბათუმის შოთა რუსთაველის სახელმწიფო უნივერსიტეტის ბიბლიოთეკა

ტრიუმფით მსოფლიოს გზებზე. (ბიბ.ჩანაწერი № 42261)

000 -LEADER
fixed length control field 01058nam a2200229Ia 4500
001 - CONTROL NUMBER
control field 8956
003 - CONTROL NUMBER IDENTIFIER
control field GE_BSU
008 - FIXED-LENGTH DATA ELEMENTS--GENERAL INFORMATION
fixed length control field 181216s||||||||xx |||||||||||||| ||und||
040 ## - CATALOGING SOURCE
Transcribing agency GE_BSU
080 ## - UNIVERSAL DECIMAL CLASSIFICATION NUMBER
Universal Decimal Classification number 784.4+793.3(479.22)
100 ## - MAIN ENTRY--PERSONAL NAME
Personal name კასრაძე,ქართლოს
245 ## - TITLE STATEMENT
Title ტრიუმფით მსოფლიოს გზებზე.
245 ## - TITLE STATEMENT
Remainder of title ნ.რამიშვილისა და ი.სუხიშვილის სიმღერისა და ცეკვის სახელმწ. ანსამბლის გასტროლები
245 ## - TITLE STATEMENT
Statement of responsibility, etc. რედ.გ.ნატროშვილი.მხატვ.თ.სამსონაძე.
260 ## - PUBLICATION, DISTRIBUTION, ETC.
Place of publication, distribution, etc. თბილისი
260 ## - PUBLICATION, DISTRIBUTION, ETC.
Name of publisher, distributor, etc. ხელოვნება
260 ## - PUBLICATION, DISTRIBUTION, ETC.
Date of publication, distribution, etc. 1971
300 ## - PHYSICAL DESCRIPTION
Extent 478გვ.ილ.23სმ.
653 ## - INDEX TERM--UNCONTROLLED
Uncontrolled term ტრიუმფით მსოფლიოს გზებზე
653 ## - INDEX TERM--UNCONTROLLED
Uncontrolled term ცეკვის სახელმწ. ანსამბლის გასტროლები
942 ## - ADDED ENTRY ELEMENTS (KOHA)
Koha item type წიგნი
ეგზემპლარები
Withdrawn status Lost status Damaged status Not for loan Date acquired Barcode Date last seen Price effective from Koha item type
        2018-12-17 31519 2018-12-17 2018-12-17 წიგნი
        2018-12-17 31520 2018-12-17 2018-12-17 წიგნი